Gastronomické využitie cíceru baranieho

Bibliographic Details
Main Author: Gáborčík, Norbert, 1951- (Author)
Format: Article
Language:Slovak
PhysicalDescription:Tab. 1
Subjects:

MARC

LEADER 00000nab a2200000 a 4500
001 vtls000497528
003 SK-MaSNL
005 20260304010559.0
008 230120c1993 xo 0 slo
015 |a SNBRB19rr/mm-uuuuu 
035 |a CL0497666 
035 |a urn:nbn:sk:snk-ab6vzc 
035 |a (uuid)9bae512a-6e81-4d2d-b7dd-694d0a65b348 
035 |a (urnnbn)urn:nbn:sk:snk:ar-a061g1 
035 |a (sysno)vtls000497528 
040 |a SNKBUCL  |b slo  |c SNKBUCL  |e AACR2 
041 0 |a slo 
044 |a xo  |c SK 
080 |a 613.26:577.164  |2 1981 
080 |a 577.164  |2 1981 
100 1 |a Gáborčík, Norbert,  |d 1951-  |4 aut  |9 105695 
245 1 0 |a Gastronomické využitie cíceru baranieho  |c Norbert Gáborčík 
300 |b Tab. 1 
650 0 7 |a cícer baraní  |2 snkbucl  |9 82384 
650 0 7 |a výživa a zdravie  |2 snkbucl  |9 759888 
655 7 |a články z novín a časopisov  |2 snkbucl  |9 267496 
773 0 |t Výživa a zdravie  |g Roč. 38, č. 10 (1993), s. 172-173 
850 |a Slovenská národná knižnica v Martine  |a MTA001 
852 |a SNK  |b KIS3GCP 
954 |a odborná, vedecká literatúra pôvodná (slovenská)  |2 lita 
958 |a RK 
958 |a OND 
958 |a EUIPO 
958 |a article27 
992 |a RBX 
999 |c 2561657  |d 2563587